<?xml version="1.0" encoding="UTF-8"?>
<record
    xmlns:xsi="http://www.w3.org/2001/XMLSchema-instance"
    xsi:schemaLocation="http://www.loc.gov/MARC21/slim http://www.loc.gov/standards/marcxml/schema/MARC21slim.xsd"
    xmlns="http://www.loc.gov/MARC21/slim">

  <leader>01555cam a22002891i 4500</leader>
  <controlfield tag="003">SA-RiAUC</controlfield>
  <controlfield tag="005">20260113133827.0</controlfield>
  <controlfield tag="008">260104s1930____ii     g      00010 ara c</controlfield>
  <datafield tag="040" ind1=" " ind2=" ">
    <subfield code="a">SA-RiKAPL</subfield>
    <subfield code="b">ara</subfield>
    <subfield code="c">SA-RiAUC</subfield>
    <subfield code="e">rda</subfield>
  </datafield>
  <datafield tag="082" ind1="0" ind2="4">
    <subfield code="a">253.901</subfield>
  </datafield>
  <datafield tag="090" ind1=" " ind2=" ">
    <subfield code="a">&#x645; &#x646; 253.901</subfield>
    <subfield code="b">&#x643; &#x648; &#x647;&#x640;</subfield>
  </datafield>
  <datafield tag="100" ind1="1" ind2=" ">
    <subfield code="a">&#x627;&#x644;&#x643;&#x648;&#x647;&#x62C;&#x64A;&#x60C; &#x639;&#x628;&#x62F; &#x627;&#x644;&#x644;&#x647; &#x628;&#x646; &#x62D;&#x633;&#x646; &#x627;&#x644;&#x62D;&#x633;&#x646;&#x60C;</subfield>
    <subfield code="d">1921-1989</subfield>
    <subfield code="e">&#x645;&#x624;&#x644;&#x641;.</subfield>
  </datafield>
  <datafield tag="245" ind1="1" ind2="2">
    <subfield code="a">&#x627;&#x644;&#x641;&#x648;&#x627;&#x626;&#x62F; &#x627;&#x644;&#x62C;&#x644;&#x64A;&#x629; &#x628;&#x634;&#x631;&#x62D; &#x627;&#x644;&#x62A;&#x62D;&#x641;&#x629; &#x627;&#x644;&#x633;&#x646;&#x64A;&#x629; &#x641;&#x64A; &#x623;&#x62D;&#x648;&#x627;&#x644; &#x627;&#x644;&#x648;&#x631;&#x62B;&#x629; &#x627;&#x644;&#x623;&#x631;&#x628;&#x639;&#x64A;&#x646;&#x64A;&#x629; /</subfield>
    <subfield code="c">&#x62A;&#x623;&#x644;&#x64A;&#x641; &#x639;&#x628;&#x62F; &#x627;&#x644;&#x644;&#x647; &#x628;&#x646; &#x62D;&#x633;&#x646; &#x627;&#x644;&#x643;&#x648;&#x647;&#x62C;&#x64A;.</subfield>
  </datafield>
  <datafield tag="246" ind1="3" ind2="0">
    <subfield code="a">&#x634;&#x631;&#x62D; &#x627;&#x644;&#x62A;&#x62D;&#x641;&#x629; &#x627;&#x644;&#x633;&#x646;&#x64A;&#x629; &#x641;&#x64A; &#x623;&#x62D;&#x648;&#x627;&#x644; &#x627;&#x644;&#x648;&#x631;&#x62B;&#x629; &#x627;&#x644;&#x623;&#x631;&#x628;&#x639;&#x64A;&#x646;&#x64A;&#x629;</subfield>
  </datafield>
  <datafield tag="264" ind1=" " ind2="1">
    <subfield code="a">[&#x645;&#x643;&#x627;&#x646; &#x627;&#x644;&#x646;&#x634;&#x631; &#x63A;&#x64A;&#x631; &#x645;&#x62D;&#x62F;&#x62F;] :</subfield>
    <subfield code="b">[&#x627;&#x644;&#x646;&#x627;&#x634;&#x631; &#x63A;&#x64A;&#x631; &#x645;&#x62D;&#x62F;&#x62F;]&#x60C;</subfield>
    <subfield code="c">[1930]</subfield>
  </datafield>
  <datafield tag="264" ind1=" " ind2="3">
    <subfield code="a">&#x628;&#x648;&#x645;&#x628;&#x627;&#x64A;&#x60C; &#x627;&#x644;&#x647;&#x646;&#x62F; :</subfield>
    <subfield code="b">&#x627;&#x644;&#x645;&#x637;&#x628;&#x639;&#x629; &#x627;&#x644;&#x62D;&#x62C;&#x627;&#x632;&#x64A;&#x629;</subfield>
  </datafield>
  <datafield tag="300" ind1=" " ind2=" ">
    <subfield code="a">58 &#x635;&#x641;&#x62D;&#x629; &#x61B;</subfield>
    <subfield code="c">20 &#x633;&#x645;</subfield>
  </datafield>
  <datafield tag="336" ind1=" " ind2=" ">
    <subfield code="a">&#x646;&#x635;</subfield>
    <subfield code="b">txt</subfield>
    <subfield code="2">rdacontent</subfield>
    <subfield code="3">&#x643;&#x62A;&#x627;&#x628;</subfield>
  </datafield>
  <datafield tag="337" ind1=" " ind2=" ">
    <subfield code="a">&#x628;&#x62F;&#x648;&#x646; &#x648;&#x633;&#x64A;&#x637;</subfield>
    <subfield code="b">n</subfield>
    <subfield code="2">rdamedia</subfield>
  </datafield>
  <datafield tag="338" ind1=" " ind2=" ">
    <subfield code="a">&#x645;&#x62C;&#x644;&#x62F;</subfield>
    <subfield code="b">nc</subfield>
    <subfield code="2">rdacarrier</subfield>
  </datafield>
  <datafield tag="650" ind1=" " ind2="7">
    <subfield code="a">&#x627;&#x644;&#x645;&#x648;&#x627;&#x631;&#x64A;&#x62B; (&#x641;&#x642;&#x647; &#x625;&#x633;&#x644;&#x627;&#x645;&#x64A;)</subfield>
    <subfield code="2">aucsh</subfield>
  </datafield>
  <datafield tag="700" ind1="1" ind2="2">
    <subfield code="a">&#x627;&#x644;&#x645;&#x634;&#x627;&#x637;&#x60C; &#x62D;&#x633;&#x646; &#x628;&#x646; &#x645;&#x62D;&#x645;&#x62F;&#x60C;</subfield>
    <subfield code="d">1319-1399 &#x647;&#x62C;&#x631;&#x64A;</subfield>
    <subfield code="t">&#x627;&#x644;&#x62A;&#x62D;&#x641;&#x629; &#x627;&#x644;&#x633;&#x646;&#x64A;&#x629; &#x641;&#x64A; &#x623;&#x62D;&#x648;&#x627;&#x644; &#x627;&#x644;&#x648;&#x631;&#x62B;&#x629; &#x627;&#x644;&#x623;&#x631;&#x628;&#x639;&#x64A;&#x646;&#x64A;&#x629; &#x641;&#x64A; &#x639;&#x644;&#x645; &#x627;&#x644;&#x641;&#x631;&#x627;&#x626;&#x636;.</subfield>
  </datafield>
  <datafield tag="740" ind1="2" ind2="2">
    <subfield code="a">&#x627;&#x644;&#x62A;&#x62D;&#x641;&#x629; &#x627;&#x644;&#x633;&#x646;&#x64A;&#x629; &#x641;&#x64A; &#x623;&#x62D;&#x648;&#x627;&#x644; &#x627;&#x644;&#x648;&#x631;&#x62B;&#x629; &#x627;&#x644;&#x623;&#x631;&#x628;&#x639;&#x64A;&#x646;&#x64A;&#x629; &#x641;&#x64A; &#x639;&#x644;&#x645; &#x627;&#x644;&#x641;&#x631;&#x627;&#x626;&#x636;.</subfield>
  </datafield>
  <datafield tag="856" ind1=" " ind2=" ">
    <subfield code="u">https://Dsdelta.aruc.org/xmlui/bitstream/handle/123456789/1624/8443.pdf</subfield>
    <subfield code="y">Digital Copy</subfield>
  </datafield>
  <datafield tag="942" ind1=" " ind2=" ">
    <subfield code="2">ddc</subfield>
    <subfield code="c">RBOOK COPY</subfield>
    <subfield code="n">0</subfield>
  </datafield>
  <datafield tag="949" ind1=" " ind2=" ">
    <subfield code="a">SA-JeALM</subfield>
    <subfield code="d">260104</subfield>
    <subfield code="u">mohamedma123</subfield>
    <subfield code="n">1</subfield>
  </datafield>
  <datafield tag="952" ind1=" " ind2=" ">
    <subfield code="0">0</subfield>
    <subfield code="1">0</subfield>
    <subfield code="2">ddc</subfield>
    <subfield code="4">0</subfield>
    <subfield code="7">0</subfield>
    <subfield code="a">WAHAB</subfield>
    <subfield code="b">WAHAB</subfield>
    <subfield code="d">2026-01-13</subfield>
    <subfield code="l">0</subfield>
    <subfield code="o">&#x645; &#x646; 253.901  &#x643; &#x648; &#x647;&#x640;</subfield>
    <subfield code="p">000022448</subfield>
    <subfield code="r">2026-01-13 13:39:29</subfield>
    <subfield code="w">2026-01-13</subfield>
    <subfield code="y">RBOOK COPY</subfield>
  </datafield>
  <datafield tag="952" ind1=" " ind2=" ">
    <subfield code="0">0</subfield>
    <subfield code="1">0</subfield>
    <subfield code="2">ddc</subfield>
    <subfield code="4">0</subfield>
    <subfield code="7">0</subfield>
    <subfield code="a">WAHAB</subfield>
    <subfield code="b">WAHAB</subfield>
    <subfield code="d">2026-01-13</subfield>
    <subfield code="l">0</subfield>
    <subfield code="o">&#x645; &#x646; 253.901  &#x643; &#x648; &#x647;&#x640;</subfield>
    <subfield code="p">000022449</subfield>
    <subfield code="r">2026-01-13 13:40:59</subfield>
    <subfield code="w">2026-01-13</subfield>
    <subfield code="y">RBOOK COPY</subfield>
  </datafield>
  <datafield tag="952" ind1=" " ind2=" ">
    <subfield code="0">0</subfield>
    <subfield code="1">0</subfield>
    <subfield code="2">ddc</subfield>
    <subfield code="4">0</subfield>
    <subfield code="7">0</subfield>
    <subfield code="a">WAHAB</subfield>
    <subfield code="b">WAHAB</subfield>
    <subfield code="d">2026-03-07</subfield>
    <subfield code="l">0</subfield>
    <subfield code="o">&#x645; &#x646; 253.901  &#x643; &#x648; &#x647;&#x640;</subfield>
    <subfield code="p">000022968</subfield>
    <subfield code="r">2026-03-07 11:49:11</subfield>
    <subfield code="w">2026-03-07</subfield>
    <subfield code="y">RBOOK COPY</subfield>
  </datafield>
  <datafield tag="999" ind1=" " ind2=" ">
    <subfield code="c">14030</subfield>
    <subfield code="d">14030</subfield>
  </datafield>
</record>
